Kvalita života seniorov v súvislosti s kvalitou poskytovaných sociálnych služieb diplomová práca

Gespeichert in:
Bibliographische Detailangaben
1. Verfasser: Salajková, Lenka
Körperschaft: Národohospodárska fakulta EU. Katedra sociálneho rozvoja a práce
Weitere Verfasser: Sika, Peter, 1975-
Format: Buch
Sprache:Slowakisch
Veröffentlicht: Bratislava 2017
Tags: Tag hinzufügen
Keine Tags, Fügen Sie das erste Tag hinzu!

MARC

LEADER 00000nbm a2200000 4500
001 0231832
005 20190128121446.3
041 0 |a slo 
044 |a SK 
245 1 0 |a Kvalita života seniorov v súvislosti s kvalitou poskytovaných sociálnych služieb  |b diplomová práca  |c Lenka Salajková ; školiteľ: Peter Sika 
264 1 |a Bratislava  |c 2017 
300 |a 69 s. 
100 1 |a Salajková, Lenka 
700 1 |a Sika, Peter, 1975- 
710 2 |a Národohospodárska fakulta EU. Katedra sociálneho rozvoja a práce